[Event "XXV OOM - Mistrzostwa Polski Juniorow Mlodszych - Chlopcy do lat 14"]
[Site "Sielpia"]
[Date "1899-12-30"]
[Round "8.7"]
[White "Jeda, Maciej"]
[Black "Oleksy, Krzysztof"]
[Result "1/2-1/2"]
[WhiteTitle "I"]
[BlackTitle "I"]
[WhiteElo "1850"]
[BlackElo "1746"]

1. e4 c5 2. Nf3 d6 3. d4 cxd4 4. Nxd4 Nf6 5. Nc3 a6 6. Be2 e5 7. Nb3 Be7 8. a4
Be6 9. Be3 Nbd7 10. a5 O-O 11. O-O Rc8 12. Qd2 Ng4 13. Bxg4 Bxg4 14. f3 Be6 15.
Nd5 Bxd5 16. exd5 Qc7 17. Rac1 Qc4 18. Na1 Bd8 19. Rfd1 Qb5 20. b4 b6 21. axb6
Bxb6 22. c3 Bxe3+ 23. Qxe3 Nb6 24. Nb3 Nxd5 25. Qd3 Qxd3 26. Rxd3 Nf4 27. Rd2
Rfd8 28. Na5 d5 29. Nb7 Rd7 30. Nc5 Rd6 31. Rcd1 d4 32. cxd4 exd4 33. g3 Ne6 34.
Nxe6 Rxe6 35. Rxd4 g6 36. Rd8+ 1/2-1/2

[Event "XXV OOM - Mistrzostwa Polski Juniorow Mlodszych - Chlopcy do lat 14"]
[Site "Sielpia"]
[Date "1899-12-30"]
[Round "8.8"]
[White "Kaliszuk, Kamil"]
[Black "Kacprzak, Karol"]
[Result "0-1"]
[WhiteTitle "I"]
[BlackTitle "I+"]
[WhiteElo "1674"]
[BlackElo "1910"]

1. e4 c5 2. Nc3 d6 3. d4 cxd4 4. Qxd4 Nc6 5. Qd2 Nf6 6. b3 e6 7. Bb2 a6 8. O-O-O
Qc7 9. f3 b5 10. g4 h6 11. Nge2 Bb7 12. h4 O-O-O 13. Bh3 d5 14. exd5 Nb4 15. g5
Nfxd5 16. a3 Bc5 17. Qe1 Nxc3 18. Nxc3 Rxd1+ 19. Nxd1 Be3+ 20. Kb1 Qxc2+ 21. Ka1
Bd2 22. Bxe6+ fxe6 23. Qxe6+ Kb8 24. Be5+ Ka8 25. axb4 Qc1+ 26. Ka2 Rc8 27. Bd4
Bxb4 28. Nb2 Qxh1 29. Qb6 Bc5 30. Bxc5 Rxc5 31. Qxc5 Qxf3 32. Qd4 Qf8 33. Nd3
hxg5 34. hxg5 Qe7 35. Qf4 a5 36. Qf5 Qe2+ 37. Nb2 Qe8 38. Qc5 Bc6 39. Qb6 a4 40.
bxa4 Qe6+ 41. Ka1 Qe1+ 42. Ka2 Bd5+ 43. Ka3 Qc3# 0-1

[Event "XXV OOM - Mistrzostwa Polski Juniorow Mlodszych - Chlopcy do lat 14"]
[Site "Sielpia"]
[Date "1899-12-30"]
[Round "8.9"]
[White "Backiel, Hubert"]
[Black "Budzisz, Adrian"]
[Result "0-1"]
[WhiteTitle "I"]
[BlackTitle "I"]
[WhiteElo "1704"]
[BlackElo "1788"]

1. c4 e5 2. g3 g6 3. Bg2 Bg7 4. e4 d6 5. Nc3 Nc6 6. d3 Be6 7. Nge2 Qd7 8. Be3 Nf6
9. f4 h5 10. h3 Nh7 11. Qb3 O-O 12. Nd5 Nd8 13. Bd2 c6 14. Ne3 f5 15. exf5 gxf5
16. O-O Kh8 17. Bc3 Rg8 18. Kh2 Qf7 19. Qc2 Qg6 20. Rad1 Nf7 21. d4 Bh6 22. d5
Bd7 23. fxe5 Nxe5 24. Nxf5 Raf8 25. Nfd4 Qg7 26. Nf3 Nf6 27. Bxe5 dxe5 28. Nh4
Bg5 29. Nf3 Bf4 30. Kh1 Bxg3 31. Nxg3 Qxg3 32. Ng1 cxd5 33. cxd5 Rg7 34. Rf3 Qg5
35. Qd2 Qg6 36. Rdf1 Rgf7 37. R3f2 Ne4 38. Rxf7 Rxf7 39. Bxe4 Qxe4+ 40. Qg2 Bf5
41. Rc1 Rg7 42. Rc8+ Kh7 43. Qxe4 Bxe4+ 44. Kh2 Rg2+ 45. Kh1 Rc2+ 0-1

[Event "XXV OOM - Mistrzostwa Polski Juniorow Mlodszych - Chlopcy do lat 14"]
[Site "Sielpia"]
[Date "1899-12-30"]
[Round "8.10"]
[White "Wilk, Igor"]
[Black "Jedraszek, Pawel"]
[Result "0-1"]
[WhiteTitle "I"]
[BlackTitle "I"]
[WhiteElo "1669"]
[BlackElo "1753"]

1. e4 c5 2. Nf3 d6 3. d4 cxd4 4. Nxd4 Nf6 5. Nc3 a6 6. Be2 e6 7. O-O Be7 8. f4
Qc7 9. Kh1 O-O 10. Qe1 Nbd7 11. Qg3 b5 12. a3 Bb7 13. Bf3 Nc5 14. f5 Kh8 15. e5
dxe5 16. Bxb7 Qxb7 17. Qxe5 Nfd7 18. Qg3 e5 19. Nf3 Ne4 20. Nxe4 Qxe4 21. Ne1
Rac8 22. c3 Nc5 23. Be3 Rfd8 24. Bxc5 Rxc5 25. Rc1 f6 26. Nc2 Rcd5 27. Rfe1 Qa4
28. Qf3 Qh4 29. Ne3 e4 30. Qf1 Bd6 31. h3 Qg3 32. Ng4 h5 33. Re3 Qf4 34. g3 Qxf1+
35. Rxf1 hxg4 36. hxg4 Be5 37. Rxe4 Rd2 0-1

[Event "XXV OOM - Mistrzostwa Polski Juniorow Mlodszych - Chlopcy do lat 14"]
[Site "Sielpia"]
[Date "1899-12-30"]
[Round "8.11"]
[White "Czernek, Tymon"]
[Black "Jozefczyk, Szymon"]
[Result "1/2-1/2"]
[WhiteTitle "I++"]
[BlackTitle "II"]
[WhiteElo "2050"]
[BlackElo "1580"]

1. e4 c5 2. Nf3 d6 3. d3 Nc6 4. g3 g6 5. Bg2 Bg7 6. O-O Nf6 7. c3 O-O 8. Re1 e5
9. a3 a6 10. b4 b6 11. Nbd2 h6 12. Bb2 Bb7 13. Rb1 Rb8 14. Nc4 Re8 15. Qd2 b5
16. Ne3 Qd7 17. Nd5 cxb4 18. Nxf6+ Bxf6 19. Qxh6 Bg7 20. Qh4 bxc3 21. Bxc3 f6
22. g4 g5 23. Qg3 Bc8 24. h3 Ne7 25. d4 Ng6 26. Bf1 Nf4 27. dxe5 dxe5 28. Bb4
Bf8 29. Rbd1 Qe6 30. Bxf8 Kxf8 31. Nd2 Kg7 32. Qc3 Bd7 33. Nb3 Rbc8 34. Qe3 Qe7
35. Na5 Be6 36. Rc1 Rxc1 37. Rxc1 Rc8 38. Rxc8 Bxc8 39. Nc6 Qd7 40. Qc5 Bb7 41.
Nb8 Nxh3+ 42. Bxh3 Qd1+ 43. Kh2 Bxe4 44. Qe7+ Kg8 45. Qe8+ Kg7 46. Qd7+ Qxd7 47.
Nxd7 Bc6 48. Nb8 Bb7 49. Bg2 Bc8 50. Kg3 Kf7 51. Be4 Ke7 52. f3 Kd6 53. Kf2 Kc5
54. Nc6 Kc4 55. Ne7 Be6 56. Bf5 Bf7 57. Nc6 Kb3 58. Bc8 Kxa3 59. Bxa6 b4 60. Bd3
b3 61. Ne7 Kb2 62. Ke3 Kc1 63. Nc6 b2 64. Nb4 b1=Q 65. Bxb1 Kxb1 66. Nd3 Kc2 67.
Nc5 Bg6 68. Nd7 f5 69. gxf5 Bxf5 70. Nxe5 Bc8 71. Nf7 Bb7 72. Nxg5 Bxf3 73. Nxf3
1/2-1/2

[Event "XXV OOM - Mistrzostwa Polski Juniorow Mlodszych - Chlopcy do lat 14"]
[Site "Sielpia"]
[Date "1899-12-30"]
[Round "8.12"]
[White "Wojdak, Jan"]
[Black "Zdybel, Przemyslaw"]
[Result "1/2-1/2"]
[WhiteTitle "I"]
[BlackTitle "I"]
[WhiteElo "1834"]
[BlackElo "1698"]

1. e4 c5 2. Nf3 d6 3. d4 cxd4 4. Nxd4 Nf6 5. f3 a6 6. c4 e6 7. Nc3 Be7 8. Be3 Qc7
9. Be2 Nbd7 10. Rc1 b6 11. O-O Bb7 12. a3 O-O 13. b4 Rac8 14. Nb3 Rfd8 15. Qe1
Bc6 16. Nd5 Bxd5 17. cxd5 Qb7 18. dxe6 fxe6 19. Nd4 Nf8 20. Qg3 Kf7 21. Qh3 b5
22. Qg3 Rxc1 23. Rxc1 Rc8 24. Qe1 Bd8 25. Qd2 Bb6 26. Rxc8 Qxc8 27. Bd1 N6d7 28.
Bb3 g6 29. f4 Ke7 30. h3 Qc7 31. f5 Nf6 32. fxe6 Nxe4 33. Qe1 Nf6 34. Kh1 d5 35.
Qf2 h5 36. Bg5 N8h7 37. Bxf6+ Nxf6 38. Qe3 1/2-1/2

[Event "XXV OOM - Mistrzostwa Polski Juniorow Mlodszych - Chlopcy do lat 14"]
[Site "Sielpia"]
[Date "1899-12-30"]
[Round "8.13"]
[White "Pazdzierz, Piotr"]
[Black "Szydlo, Michal"]
[Result "0-1"]
[WhiteTitle "I"]
[BlackTitle "I"]
[WhiteElo "1639"]
[BlackElo "1830"]

1. c4 e5 2. Nc3 Nf6 3. g3 c6 4. Bg2 d5 5. b3 d4 6. Ne4 Nxe4 7. Bxe4 Nd7 8. d3 Bb4+
9. Bd2 a5 10. Bg2 O-O 11. a3 Bxd2+ 12. Qxd2 Qe7 13. Nf3 Nc5 14. Qb2 Bf5 15. O-O
Rfe8 16. Nd2 Qd7 17. Qc2 Bg6 18. b4 Na6 19. Qb2 f5 20. bxa5 e4 21. Nb3 Rad8 22.
Rfd1 e3 23. f4 Bf7 24. Rab1 Re7 25. Qc2 Qc7 26. Qb2 Red7 27. Rdc1 h6 28. Bh3 Be6
29. Rf1 g6 30. Qc2 Kg7 31. Qc1 Rb8 32. Qb2 Qd8 33. Qc1 Qf6 34. Qe1 Rh8 35. Na1
Qe7 36. Nc2 h5 37. Rf3 h4 38. gxh4 Rxh4 39. Kh1 Rh6 40. Qg3 Qh4 41. Qxh4 Rxh4
42. Rg1 Kf6 43. Na1 Nc5 44. Rg2 Rdh7 45. Rgg3 Na4 46. Nb3 c5 47. Kg2 Bd7 48. Kg1
Bc6 49. Kg2 Rxf4 50. Kf1 Bxf3 51. exf3 Rfh4 52. Bg2 Rxh2 53. f4 R2h4 54. Rf3 Ke6
55. Ke1 Kd6 56. Rg3 R4h6 57. Rg5 Rh1+ 58. Bxh1 Rxh1+ 59. Ke2 Nc3+ 60. Kf3 e2 61.
Rxg6+ Ke7 62. Nxc5 e1=Q 63. Re6+ Qxe6 64. Nxe6 Kxe6 0-1

[Event "XXV OOM - Mistrzostwa Polski Juniorow Mlodszych - Chlopcy do lat 14"]
[Site "Sielpia"]
[Date "1899-12-30"]
[Round "8.14"]
[White "Paprocki, Antoni"]
[Black "Mocko, Maciej"]
[Result "1-0"]
[WhiteTitle "I"]
[BlackTitle "II"]
[WhiteElo "1778"]
[BlackElo "1430"]

1. e4 c5 2. Nf3 Nc6 3. d4 cxd4 4. Nxd4 Nf6 5. Nc3 e5 6. Ndb5 d6 7. Bg5 a6 8. Na3
b5 9. Nd5 Be7 10. Bxf6 Bxf6 11. c3 Bg5 12. Nc2 O-O 13. a4 Ne7 14. Nce3 Bxe3 15.
Nxe3 Bb7 16. Bd3 f5 17. exf5 e4 18. Bc2 Nxf5 19. Bb3+ Kh8 20. O-O Nxe3 21. fxe3
Qb6 22. Qe2 b4 23. a5 Qc5 24. cxb4 Qxb4 25. Be6 Rxf1+ 26. Rxf1 Qxa5 27. Qf2 h6
28. Qf7 Qb6 29. Kh1 d5 30. Qe7 Qxb2 31. Rf8+ Rxf8 32. Qxf8+ Kh7 33. Qg8+ Kg6 34.
Qf7+ Kg5 35. Qf5+ h5 1-0

[Event "XXV OOM - Mistrzostwa Polski Juniorow Mlodszych - Chlopcy do lat 14"]
[Site "Sielpia"]
[Date "1899-12-30"]
[Round "8.15"]
[White "Wieczorek, Mikolaj"]
[Black "Dziendziel, Mateusz"]
[Result "1-0"]
[WhiteTitle "I"]
[BlackTitle "II+"]
[WhiteElo "1752"]
[BlackElo "1684"]

1. e4 c5 2. Nf3 d6 3. d4 Nf6 4. Nc3 cxd4 5. Nxd4 g6 6. Be3 Bg7 7. f3 O-O 8. Qd2
Nc6 9. Bc4 Bd7 10. h4 h5 11. O-O-O Rc8 12. Bb3 Ne5 13. Bh6 Bxh6 14. Qxh6 Rxc3
15. bxc3 Qa5 16. Kb1 Qxc3 17. Ne2 Qb4 18. Nf4 Nc4 19. e5 Nxe5 20. Nxg6 Nxg6 21.
Qxg6+ Kh8 22. Qh6+ Kg8 23. Qg5+ Kh7 24. Qe3 Be6 25. Qd3+ Kg7 26. Qd4 Qxd4 27.
Rxd4 Bd7 28. Re1 Re8 29. Rc4 Nd5 30. Kb2 e5 31. Rce4 Nf6 32. R4e2 Bc6 33. c4 e4
34. fxe4 Nxe4 35. Ba4 f5 36. Bxc6 bxc6 37. Kc2 Kf6 38. Rb1 Re7 39. Rb8 Ke5 40.
Rh8 Kd4 41. Rxh5 Rf7 42. Rh6 Kxc4 43. g4 c5 44. gxf5 d5 45. f6 Kd4 46. Rg2 Ke3
47. Rg7 Rf8 48. Rxa7 d4 49. Ra3+ Ke2 50. Rg6 c4 51. Rg2+ Nf2 52. Rxf2+ Kxf2 53.
Ra6 Re8 54. f7 Rf8 55. Rf6+ Ke3 56. h5 Ke4 57. h6 Ke5 58. Rf1 Ke6 59. h7 Ke7 60.
a4 c3 61. a5 1-0

[Event "XXV OOM - Mistrzostwa Polski Juniorow Mlodszych - Chlopcy do lat 14"]
[Site "Sielpia"]
[Date "1899-12-30"]
[Round "8.16"]
[White "Taranowicz, Michal"]
[Black "Bancarewicz, Aleks"]
[Result "0-1"]
[WhiteTitle "II+"]
[BlackTitle "I"]
[WhiteElo "1560"]
[BlackElo "1701"]

1. e4 c5 2. Nf3 d6 3. d4 cxd4 4. Nxd4 Nf6 5. Nc3 a6 6. Bc4 e6 7. Bg5 Be7 8. Qd2
h6 9. Bxf6 Bxf6 10. O-O-O Be7 11. Kb1 Nc6 12. f4 Qc7 13. Bb3 Nxd4 14. Qxd4 Rg8
15. e5 dxe5 16. fxe5 Bd7 17. Qf4 Bc6 18. Rhf1 Rf8 19. Qg3 g5 20. Ne2 Rd8 21. Nd4
Bc5 22. Nxc6 Rxd1+ 23. Rxd1 Qxc6 24. a3 Ke7 25. h4 Rg8 26. hxg5 hxg5 27. Qd3 Qc7
28. Qh7 Rd8 29. Rf1 Rf8 30. Qg7 Be3 31. Bxe6 Bf4 32. Qf6+ Ke8 33. Bb3 Qxe5 34.
Qb6 Qc7 35. Qd4 Bd6 36. Rd1 Ke7 37. Qe3+ Kd8 38. Qxg5+ Kc8 39. Qf6 Be5 40. Qf5+
Kb8 41. Rd7 Qc5 42. Bd5 Bc7 43. Qe4 Qb5 44. Qe7 Qf1+ 45. Ka2 Rc8 46. g4 Qf4 47.
g5 Rg8 48. Qf6 Qxg5 49. Qxf7 Rd8 50. c4 Rxd7 51. Qxd7 Qd8 52. Qe6 Qd6 53. Qe4
Qb6 54. Qc2 Bd6 55. Qd2 a5 56. Qe2 Ka7 57. Qe8 Bc5 58. Qa4 Kb8 59. Qd7 Ka7 60.
Be6 Bd4 61. b3 Bc3 62. c5 Qxc5 63. Qf7 Qd4 64. b4 a4 0-1

[Event "XXV OOM - Mistrzostwa Polski Juniorow Mlodszych - Chlopcy do lat 14"]
[Site "Sielpia"]
[Date "1899-12-30"]
[Round "8.17"]
[White "Wysocki, Mateusz"]
[Black "Wasik, Mateusz"]
[Result "0-1"]
[WhiteTitle "I"]
[BlackTitle "I"]
[WhiteElo "1697"]
[BlackElo "1729"]

1. e4 c5 2. Nf3 d6 3. c3 Nf6 4. Be2 Nbd7 5. Qc2 Qc7 6. O-O b6 7. d3 Bb7 8. Be3
g6 9. h3 Bg7 10. Nbd2 O-O 11. Rac1 Rac8 12. Qb1 d5 13. Bg5 e5 14. c4 dxe4 15.
Nxe4 Nxe4 16. dxe4 f5 17. Nd2 Nb8 18. f3 f4 19. Bh4 Nc6 20. Bf2 Rfd8 21. Rfd1
Nd4 22. Bxd4 exd4 23. Bd3 a5 24. Nf1 Be5 25. Qc2 Qe7 26. Nh2 h5 27. Rd2 Bc6 28.
Be2 Rd6 29. a4 Rcd8 30. Rcd1 Bd7 31. b3 Qg5 32. Kh1 Kf7 33. Rd3 Rh8 34. Rf1 Ke7
35. Qd1 Re6 36. Qe1 Kd8 37. Qd1 Bf6 38. Qe1 Ree8 39. Qc1 Qe5 40. Qd1 Bh4 41. Qc1
Bg3 42. Qd1 Qg5 43. Qd2 Re5 44. Bd1 Qh4 45. Rg1 Rg5 46. Rxd4 cxd4 47. Qxd4 Re8
48. Qxb6+ Ke7 0-1

[Event "XXV OOM - Mistrzostwa Polski Juniorow Mlodszych - Chlopcy do lat 14"]
[Site "Sielpia"]
[Date "1899-12-30"]
[Round "8.18"]
[White "Kolodziejski, Piotr"]
[Black "Stachecki, Mikolaj"]
[Result "0-1"]
[WhiteTitle "I"]
[BlackTitle "II+"]
[WhiteElo "1797"]
[BlackElo "1587"]

1. e4 c5 2. Nf3 d6 3. d4 cxd4 4. Nxd4 Nf6 5. Nc3 Nc6 6. Bg5 e6 7. Qd2 a6 8. O-O-O
Bd7 9. h4 Be7 10. Kb1 h6 11. Be3 b5 12. f3 h5 13. Bg5 b4 14. Nxc6 Bxc6 15. Ne2
Qb6 16. Nf4 a5 17. Be2 a4 18. Nd3 b3 19. cxb3 axb3 20. a3 O-O 21. Nb4 Ba4 22.
Bxf6 Bxf6 23. g4 Rfc8 24. Rc1 Rc2 25. Rxc2 bxc2+ 26. Ka1 Bb3 27. Ba6 Qa5 0-1

[Event "XXV OOM - Mistrzostwa Polski Juniorow Mlodszych - Chlopcy do lat 14"]
[Site "Sielpia"]
[Date "1899-12-30"]
[Round "8.19"]
[White "Matela, Krzysztof"]
[Black "Wnek, Filip"]
[Result "0-1"]
[WhiteTitle "I"]
[BlackTitle "I+"]
[WhiteElo "1540"]
[BlackElo "1733"]

1. Nf3 f5 2. d4 Nf6 3. g3 d6 4. Bg2 g6 5. c4 Bg7 6. Nc3 O-O 7. O-O c6 8. Qc2 Qe8
9. Bf4 Nh5 10. Bd2 e5 11. dxe5 dxe5 12. e4 f4 13. c5 Qe7 14. Ne2 g5 15. gxf4 Nxf4
16. Nxf4 gxf4 17. Kh1 Rf6 18. Rg1 Bg4 19. Rac1 Rh6 20. b4 Qe8 21. Ng5 Qh5 22.
Bh3 Bxh3 23. Bxf4 exf4 24. Qd3 Nd7 25. f3 Ne5 26. Qc3 Re8 27. Rcd1 Rg6 28. Qb3+
Kh8 29. Rd7 Rxg5 30. Rxg7 Rxg7 0-1

[Event "XXV OOM - Mistrzostwa Polski Juniorow Mlodszych - Chlopcy do lat 14"]
[Site "Sielpia"]
[Date "1899-12-30"]
[Round "8.20"]
[White "Topola, Rafal"]
[Black "Wojtasik, Szymon"]
[Result "0-1"]
[WhiteTitle "I"]
[BlackTitle "II"]
[WhiteElo "1664"]
[BlackElo "1379"]

1. e4 c5 2. Nf3 Nc6 3. d4 cxd4 4. Nxd4 g6 5. Nc3 Bg7 6. Be3 Nf6 7. Bc4 O-O 8. Bb3
Re8 9. f3 e6 10. Qd2 d5 11. O-O-O Nxd4 12. Bxd4 e5 13. Bf2 d4 14. Nd5 Nxd5 15.
Bxd5 Be6 16. Bxe6 Rxe6 17. Kb1 Rc8 18. c3 Rec6 19. cxd4 exd4 20. Rc1 Rc4 21. Rxc4
Rxc4 22. Rc1 Qc8 23. Rd1 Qc5 24. f4 Qb5 25. Qd3 Qc6 26. e5 b5 27. b3 Rc3 28. Qxd4
Rc2 29. g3 Bf8 30. h4 h5 31. Be1 Ba3 32. Qd8+ Kh7 33. e6 0-1

[Event "XXV OOM - Mistrzostwa Polski Juniorow Mlodszych - Chlopcy do lat 14"]
[Site "Sielpia"]
[Date "1899-12-30"]
[Round "8.21"]
[White "Szlosarczyk, Hubert"]
[Black "Goszyk, Bartosz"]
[Result "1/2-1/2"]
[WhiteTitle "II+"]
[BlackTitle "II"]
[WhiteElo "1620"]
[BlackElo "1554"]

1. d4 f5 2. g3 Nf6 3. Bg2 e6 4. Nf3 Be7 5. O-O O-O 6. c4 d6 7. b3 Qe8 8. Bb2 Nbd7
9. Nbd2 Qh5 10. Qc2 c5 11. e3 g5 12. Rfd1 f4 13. exf4 gxf4 14. dxc5 Nxc5 15. b4
Ncd7 16. Ne4 fxg3 17. hxg3 d5 18. Nxf6+ Bxf6 19. Bxf6 Nxf6 20. Nh4 Bd7 21. cxd5
Nxd5 22. Bxd5 exd5 23. Qc5 Be6 24. Qd6 Qf7 25. Rd2 Rac8 26. Qe5 Rc4 27. Qg5+ Qg7
28. Qxg7+ Kxg7 29. Re1 Rf6 30. Rde2 Bd7 31. Re7+ Rf7 32. R1e5 Rxb4 33. Rg5+ Kf6
34. Rxf7+ Kxf7 35. Rh5 Kg7 36. Rg5+ Kf6 37. Rxd5 Bc6 38. Rd1 Rb2 39. Ra1 a5 40.
Ng2 Bxg2 41. Kxg2 Ke5 42. Rh1 Rxa2 43. Rxh7 b6 44. Rh5+ Kd4 45. Rb5 a4 46. Rxb6
a3 47. Ra6 Ke4 48. Ra5 Ra1 49. g4 Kf4 50. g5 Rc1 1/2-1/2

[Event "XXV OOM - Mistrzostwa Polski Juniorow Mlodszych - Chlopcy do lat 14"]
[Site "Sielpia"]
[Date "1899-12-30"]
[Round "8.22"]
[White "Szafranski, Maciej"]
[Black "Ciszewski, Krzysztof"]
[Result "1/2-1/2"]
[WhiteTitle "II+"]
[BlackTitle "II+"]
[WhiteElo "1503"]
[BlackElo "1612"]

1. e4 c5 2. Nf3 d6 3. d4 cxd4 4. Nxd4 Nf6 5. Nc3 a6 6. f3 e5 7. Nb3 Be7 8. Be3
Be6 9. Qd2 O-O 10. O-O-O Qc7 11. g4 Rc8 12. g5 Nh5 13. h4 b5 14. Bh3 Nd7 15. Bg4
b4 16. Nd5 Bxd5 17. exd5 g6 18. Rh2 a5 19. Kb1 a4 20. Nc1 Rcb8 21. Bxh5 gxh5 22.
Qd3 Bf8 23. Qf5 Bg7 24. Qe4 b3 25. axb3 a3 26. c4 axb2 27. Rxb2 Qa5 28. Kc2 f5
29. Qxf5 Nc5 30. Bxc5 Qxc5 31. Nd3 Qc7 32. Qe4 Rf8 33. Rf1 Rae8 34. Ra2 Qd7 35.
b4 Rf4 36. Nxf4 exf4 37. Qd3 Re3 38. Qd2 Qf5+ 39. Kc1 Rd3 40. Ra8+ Kf7 41. Ra7+
Kf8 42. Ra8+ Kg8 43. Ra2 Rc3+ 44. Qc2 Kf7 45. Ra7+ Kf8 46. Ra8+ Kg8 47. Qd2+ Rd3
1/2-1/2

[Event "XXV OOM - Mistrzostwa Polski Juniorow Mlodszych - Chlopcy do lat 14"]
[Site "Sielpia"]
[Date "1899-12-30"]
[Round "8.23"]
[White "Lokaj, Bartlomiej"]
[Black "Kossowski, Pawel"]
[Result "1-0"]
[WhiteTitle "II"]
[BlackTitle "II+"]
[WhiteElo "1537"]
[BlackElo "1589"]

1. e4 e5 2. Nf3 Nc6 3. Bc4 Bc5 4. d3 a6 5. a4 Nf6 6. O-O Ba7 7. Be3 d6 8. c3 O-O
9. Nbd2 h6 10. Re1 Be6 11. Bxa7 Rxa7 12. d4 exd4 13. Bxe6 fxe6 14. Nxd4 Nxd4 15.
cxd4 e5 16. Qb3+ Kh8 17. dxe5 dxe5 18. Nf3 Nd7 19. Qc3 Ra8 20. Red1 Rxf3 21. Qxf3
Qe7 22. Qc3 c6 23. Qa3 Qxa3 24. Rxa3 Nc5 25. f3 Rc8 26. b4 Ne6 27. Rd7 a5 28.
Rxb7 axb4 29. Rxb4 c5 30. Rc4 Rc6 31. Rac3 Kg8 32. Kf2 Kf7 33. a5 Ra6 34. Rxc5
Nxc5 35. Rxc5 Ke6 36. Ke3 Kd6 37. Rd5+ Ke6 38. Rb5 Ra7 39. Rb6+ Kd7 40. a6 Kc7
41. Rg6 Kb8 42. f4 exf4+ 43. Kxf4 Re7 44. Rb6+ Ka7 45. Rb7+ Rxb7 46. axb7 Kxb7
47. Kf5 Kc7 48. Ke6 Kc6 49. e5 Kd5+ 1-0

[Event "XXV OOM - Mistrzostwa Polski Juniorow Mlodszych - Chlopcy do lat 14"]
[Site "Sielpia"]
[Date "1899-12-30"]
[Round "8.24"]
[White "Madajczak, Piotr"]
[Black "Blazniak, Bartlomiej"]
[Result "1/2-1/2"]
[WhiteTitle "I"]
[BlackTitle "I"]
[WhiteElo "1549"]
[BlackElo "1518"]

1. c4 Nf6 2. Nc3 e6 3. Nf3 d5 4. cxd5 exd5 5. d4 c6 6. Qc2 Nbd7 7. Bf4 Be7 8. e3
O-O 9. Bd3 h6 10. O-O Nh5 11. Bg3 Nxg3 12. hxg3 Nf6 13. Rab1 Be6 14. b4 Rc8 15.
a4 Re8 16. Rfc1 Bd6 17. Qd2 Bg4 18. Nh2 Bh5 19. b5 c5 20. dxc5 Rxc5 21. Ne2 Ne4
22. Bxe4 dxe4 23. Rxc5 Bxc5 24. Qxd8 Rxd8 25. Nf4 Bg6 26. Nxg6 fxg6 27. Rc1 b6
28. Rc4 Re8 29. Nf1 a6 30. Nd2 axb5 31. axb5 Ba3 32. Rxe4 Rxe4 33. Nxe4 Kf7 34.
Kf1 Ke6 35. Ke2 Kd5 36. Kd3 Bb2 37. g4 g5 38. g3 g6 1/2-1/2

[Event "XXV OOM - Mistrzostwa Polski Juniorow Mlodszych - Chlopcy do lat 14"]
[Site "Sielpia"]
[Date "1899-12-30"]
[Round "8.25"]
[White "Pisarek, Jan"]
[Black "Skrzypczynski, Kacper"]
[Result "1-0"]
[WhiteTitle "I"]
[BlackTitle "II"]
[WhiteElo "1610"]
[BlackElo "1291"]

1. e4 c5 2. Nf3 Nc6 3. d4 cxd4 4. Nxd4 e6 5. Nc3 Be7 6. Ndb5 d6 7. a4 a6 8. Na3
Nf6 9. Nc4 O-O 10. Be3 d5 11. Nb6 Rb8 12. exd5 exd5 13. Nbxd5 Nxd5 14. Nxd5 Bf6
15. Nxf6+ Qxf6 16. c3 Bf5 17. Be2 Rbd8 18. Qc1 Rc8 19. O-O Nb4 20. Bd4 Qg6 21.
Qf4 Rfe8 22. Bf3 Nc6 23. Rfe1 Be6 24. Bxc6 Rxc6 25. Re3 Qh6 26. Qxh6 gxh6 27.
Rg3+ Kf8 28. Bg7+ Ke7 29. Bxh6 Rb6 30. b4 Rc8 31. Bf4 Rbc6 32. Be5 Rc4 33. a5
Rg4 34. Rxg4 Bxg4 35. f3 Be6 36. Kf2 Rd8 37. Bd4 Kd7 38. Re1 Kc6 39. Re5 Rd5 40.
Ke3 Rxe5+ 41. Bxe5 Kd5 42. Bd4 Bf5 43. Kf4 Bg6 44. Kg5 f5 45. h4 Ke6 46. h5 Bf7
47. Kh6 f4 48. Kg5 Kd5 49. h6 Bg6 50. Kxf4 Ke6 51. Kg5 Kf7 52. f4 Be4 53. g4 Bf3
54. f5 Bd5 55. Kf4 Ke7 56. Ke5 Bg8 57. g5 Kf7 58. Kd6 1-0

[Event "XXV OOM - Mistrzostwa Polski Juniorow Mlodszych - Chlopcy do lat 14"]
[Site "Sielpia"]
[Date "1899-12-30"]
[Round "8.26"]
[White "Dembicki, Karol"]
[Black "Sieczkowski, Adam"]
[Result "1/2-1/2"]
[WhiteTitle "II"]
[BlackTitle "I+"]
[WhiteElo "1316"]
[BlackElo "1638"]

1. e4 c5 2. Nf3 d6 3. d4 cxd4 4. Nxd4 Nf6 5. Nc3 a6 6. Be2 e5 7. Nb3 Be7 8. O-O
O-O 9. a4 b6 10. Be3 Bb7 11. Bf3 Nbd7 12. Qd2 Qc7 13. Rfc1 Rab8 14. Qd1 Nc5 15.
Nd2 Rfd8 16. b4 Ncd7 17. Nd5 Nxd5 18. exd5 f5 19. Nb3 f4 20. Bd2 Qc4 21. Be1 Nf6
22. Nd2 Qxb4 23. c4 Qc5 24. Ne4 Qc7 25. Ng5 Bc8 26. Bd2 a5 27. g3 fxg3 28. hxg3
Rf8 29. Qc2 g6 30. Be4 Nxe4 31. Qxe4 Bf6 32. Kg2 Qg7 33. Rh1 h6 34. Ne6 Bxe6 35.
dxe6 g5 36. Qd5 Be7 37. Rab1 Rf5 38. Be3 Qg6 39. Rxb6 Rbf8 40. Rb7 e4 41. Qd1
Qxe6 42. Qh5 Kh7 43. Rxe7+ Qxe7 44. Qxh6+ Kg8 45. Qh8+ Kf7 46. Rh7+ Kg6 47. Rh6+
Kf7 48. Rh7+ Kg6 49. Rh6+ Kf7 50. Rh7+ 1/2-1/2

[Event "XXV OOM - Mistrzostwa Polski Juniorow Mlodszych - Chlopcy do lat 14"]
[Site "Sielpia"]
[Date "1899-12-30"]
[Round "9.1"]
[White "Poltorak, Sebastian"]
[Black "Kacprzak, Kacper"]
[Result "1-0"]
[WhiteTitle "I+"]
[BlackTitle "I"]
[WhiteElo "1962"]
[BlackElo "1841"]

1. d4 Nf6 2. c4 e5 3. dxe5 Ng4 4. Bf4 g5 5. Bg3 Bg7 6. h4 Nxe5 7. Nc3 g4 8. e3
Nbc6 9. Bd3 d6 10. Nge2 Nxd3+ 11. Qxd3 Ne5 12. Bxe5 Bxe5 13. O-O-O Be6 14. Nd4
Qd7 15. f4 gxf3 16. gxf3 a6 17. f4 Bxd4 18. Qxd4 O-O-O 19. e4 f5 20. e5 dxe5 21.
Qa7 Qd4 22. Rxd4 exd4 23. Nd5 1-0

[Event "XXV OOM - Mistrzostwa Polski Juniorow Mlodszych - Chlopcy do lat 14"]
[Site "Sielpia"]
[Date "1899-12-30"]
[Round "9.2"]
[White "Karolczuk, Iwo"]
[Black "Luczak, Filip"]
[Result "1/2-1/2"]
[WhiteTitle "I++"]
[BlackTitle "CM"]
[WhiteElo "2055"]
[BlackElo "2071"]

1. d4 Nf6 2. Nf3 g6 3. e3 Bg7 4. Be2 d6 5. O-O O-O 6. b3 Nc6 7. Bb2 e5 8. dxe5
Nd7 9. c4 Ncxe5 10. Nc3 Nxf3+ 11. Bxf3 Ne5 12. Be2 Be6 13. Qd2 a5 14. Rac1 Re8
15. Nd5 a4 16. b4 a3 17. Ba1 c6 18. Nf4 Bf5 19. Rfd1 Ra4 20. Bc3 Ng4 21. Bxg7
Kxg7 22. h3 Nf6 23. Bd3 Bxd3 24. Nxd3 Ne4 25. Qc2 Ra8 26. Nf4 Qf6 27. Rd4 Qe5
28. Nd3 Qf6 29. Ne1 Qf5 30. Nf3 c5 1/2-1/2

[Event "XXV OOM - Mistrzostwa Polski Juniorow Mlodszych - Chlopcy do lat 14"]
[Site "Sielpia"]
[Date "1899-12-30"]
[Round "9.3"]
[White "Chyzy, Jakub"]
[Black "Turski, Bartlomiej"]
[Result "1/2-1/2"]
[WhiteTitle "k"]
[BlackTitle "I"]
[WhiteElo "2140"]
[BlackElo "1982"]

1. e4 c5 2. Nf3 Nc6 3. Bb5 a6 4. Bxc6 dxc6 5. h3 g6 6. O-O Bg7 7. Qe2 e5 8. d3
Ne7 9. Be3 b6 10. Nbd2 O-O 11. Nc4 Qc7 12. a4 a5 13. Bd2 Be6 14. Bc3 Bxc4 15.
dxc4 Rad8 16. Rae1 Rfe8 17. Qe3 Rf8 18. Nh2 Rde8 19. Qc1 f5 20. Nf3 f4 21. b3
Nc8 22. Qa1 Re6 23. Re2 h6 24. Rd1 Rfe8 25. Rd3 Nd6 26. Qd1 Nf7 27. Red2 Bf6 28.
Rd7 Qb8 29. Nh2 h5 30. Nf3 Kf8 31. h4 R6e7 32. R7d3 Kg8 33. g3 fxg3 34. fxg3 Qc8
35. Kg2 Kg7 36. Rf2 Rd8 37. Ne1 Rxd3 38. Nxd3 Qe6 39. Rd2 Re8 40. Nf2 Rd8 41.
Rxd8 Bxd8 42. Qd3 Bf6 43. Bd2 Kf8 44. Be3 Ke7 1/2-1/2

[Event "XXV OOM - Mistrzostwa Polski Juniorow Mlodszych - Chlopcy do lat 14"]
[Site "Sielpia"]
[Date "1899-12-30"]
[Round "9.4"]
[White "Grzesik, Gracjan"]
[Black "Luberanski, Jakub"]
[Result "1/2-1/2"]
[WhiteTitle "I"]
[BlackTitle "I+"]
[WhiteElo "1904"]
[BlackElo "2023"]

1. Nf3 d5 2. c4 c6 3. e3 Nf6 4. Nc3 e6 5. b3 Be7 6. Bb2 O-O 7. Qc2 c5 8. d4 cxd4
9. exd4 Nc6 10. Rd1 b6 11. Be2 Bb7 12. O-O Rc8 13. Qb1 Na5 14. Ne5 Qc7 15. Rc1
dxc4 16. bxc4 Qb8 17. Qd3 Nc6 18. Nxc6 Bxc6 19. d5 Rfd8 20. Bf3 Bb7 21. Ne4 Qf4
22. Nxf6+ Bxf6 23. Bxf6 Qxf6 24. Qa3 a5 25. Qb3 exd5 26. cxd5 h6 27. h3 Rxc1 28.
Rxc1 Qd4 29. Qe3 Qxe3 30. fxe3 Rd7 31. Rd1 f5 32. g4 g6 33. gxf5 gxf5 34. Kf2
Kf7 35. Kg3 Kf6 36. Kf4 b5 37. a3 Rd6 38. h4 b4 39. axb4 axb4 40. Rd4 b3 41. Rb4
Bxd5 42. Bxd5 Rxd5 43. Ke4 Ke5+ 1/2-1/2